Hot Mix Asphalt Materials, Mixture Design And Construction (Record no. 1586)

000 -LEADER
fixed length control field 00390 a2200109 4500
082 ## - DEWEY DECIMAL CLASSIFICATION NUMBER
Classification number 625.85 ROB
100 ## - MAIN ENTRY--PERSONAL NAME
Personal name Roberts, Freddy L.
245 ## - TITLE STATEMENT
Title Hot Mix Asphalt Materials, Mixture Design And Construction
Statement of responsibility, etc. Freddy L. Roberts and Prithvi
250 ## - EDITION STATEMENT
Edition statement 1st ed
260 ## - PUBLICATION, DISTRIBUTION, ETC.
Place of publication, distribution, etc. Maryland :
Name of publisher, distributor, etc. NAPA Education Foundation,
Date of publication, distribution, etc. 1991
300 ## - PHYSICAL DESCRIPTION
Extent xvi, 490[. :
Other physical details ill. ;
Dimensions 25 cm
650 ## - SUBJECT ADDED ENTRY--TOPICAL TERM
Topical term or geographic name entry element Asphalt Materials -- Mixture Design -- Construction
Holdings
Withdrawn status Lost status Damaged status Not for loan Permanent Location Current Location Shelving location Date acquired Total Checkouts Full call number Barcode Date last seen Price effective from Koha item type
        School of Civil and Environmental Engineering (SCEE) School of Civil and Environmental Engineering (SCEE)       625.85 ROB NIT-79 01/05/2017 01/05/2017 Book
        School of Civil and Environmental Engineering (SCEE) School of Civil and Environmental Engineering (SCEE)         NIT-38 01/05/2017 01/05/2017 Book
        School of Civil and Environmental Engineering (SCEE) School of Civil and Environmental Engineering (SCEE)         NIT-80 01/05/2017 01/05/2017 Book
© 2023 Central Library, National University of Sciences and Technology. All Rights Reserved.